|
|
|
|
| LEADER |
00774nam a2200217 a 4500 |
| 001 |
c000192580 |
| 003 |
CARM |
| 005 |
20021125001500.0 |
| 008 |
840410s1931 fr 00011 fre d |
| 019 |
1 |
|
|a 2616977
|z 28498987
|5 LACONCORD2021
|
| 035 |
|
|
|a (OCoLC)1310392
|5 LACONCORD2021
|
| 040 |
|
|
|a NUN
|c NUN
|
| 082 |
1 |
|
|a 843/.912
|2 19
|
| 100 |
1 |
|
|a Tharaud, Jérôme,
|d 1874-1953.
|
| 245 |
1 |
2 |
|a L'oiseau d'or /
|c Jérôme et Jean Tharaud.
|
| 260 |
|
|
|a Paris :
|b Plon,
|c 1931.
|
| 300 |
|
|
|a 278 p. ;
|c 19 cm.
|
| 700 |
1 |
|
|a Tharaud, Jean,
|d 1877-1952.
|
| 852 |
8 |
|
|b CARM
|h A2:AL15A0
|i A03220
|p 0290458
|f BK
|
| 999 |
f |
f |
|i a21e6dcc-7c8e-5369-a5d7-79bc2452a78e
|s afd489b5-bc97-5994-838f-88f8148608c3
|
| 952 |
f |
f |
|p Can circulate
|a CAVAL
|b CAVAL
|c CAVAL
|d CARM 1 Store
|e A03220
|f A2:AL15A0
|h Other scheme
|i book
|m 0290458
|